| 000 | 00647nam a22002177a 4500 | ||
|---|---|---|---|
| 005 | 20170124110238.0 | ||
| 010 | _aB-079441 | ||
| 020 |
_c300.00 _a8121914698 |
||
| 035 | _aB-079441 | ||
| 037 | _bCen Lib/Ret | ||
| 040 |
_aDPL _bEN |
||
| 082 |
_a530 _bDAS |
||
| 100 |
_aDas, H.K. _942403 |
||
| 245 |
_aMathematical physics : _cby H.K.Das _bfor the students of B.Sc (Honours) and M.Sc.(Physics) / |
||
| 260 |
_aNew Delhi _bS.Chand _c1997 |
||
| 270 |
_aRam Nagar _bNew Delhi _e110055 |
||
| 300 |
_axv,1134p. _c24cm(pbk) |
||
| 650 |
_aMathematics _98937 |
||
| 650 |
_aMathematical physics _919478 |
||
| 942 |
_2ddc _cEN _h530 _mDAS |
||
| 999 |
_c134977 _d134977 |
||